|
|
|
|
| LEADER |
01072pam a22002778a 4500 |
| 001 |
00045768 |
| 008 |
161206s2016 ||||||viesd |
| 005 |
20200903090936.0 |
| 020 |
# |
# |
|a 9786040196026
|c 8000
|
| 041 |
0 |
# |
|a vie
|
| 082 |
1 |
4 |
|a 372.87
|b V460B
|
| 245 |
0 |
0 |
|a Vở bài tập Âm nhạc 1
|c Đỗ Thị Minh Chính (chủ biên); Mai Linh Chi, Nguyễn Thị Phương Mai ,...[và những người khác]
|
| 260 |
# |
# |
|a Hà Nội
|b Giáo dục
|c 2020
|
| 300 |
# |
# |
|a 35 tr.
|c 24 cm
|
| 490 |
# |
# |
|a Kết nối tri thức với cuộc sống
|
| 653 |
# |
# |
|a Lớp 1
|
| 653 |
# |
# |
|a Vở bài tập
|
| 653 |
# |
# |
|a Âm nhạc
|
| 700 |
1 |
# |
|a Mai, Linh Chi
|
| 700 |
1 |
# |
|a Nguyễn, Thị Phương Mai
|
| 700 |
1 |
# |
|a Nguyễn, Thị Thanh Vân
|
| 700 |
1 |
# |
|a Đặng, Khánh Nhật
|
| 700 |
1 |
# |
|a Đỗ, Thị Minh Chính
|e Chủ biên
|
| 852 |
# |
# |
|j KD.0027395
|j KGT.0060072
|j KGT.0060074
|j KGT.0060073
|j KGT.0060071
|
| 910 |
# |
# |
|d 3/9/2020
|
| 980 |
# |
# |
|a Trung tâm Học liệu Lê Vũ Hùng, Trường Đại học Đồng Tháp
|